| 000 | 00760nam a22002297a 4500 | ||
|---|---|---|---|
| 999 |
_c14824 _d14824 |
||
| 003 | AR-CdUCM | ||
| 008 | 190424b ||||| |||| 00| 0 spa d | ||
| 020 | _a978-84-9825-693-2 | ||
| 040 |
_aMUNICIPALIDAD PROVINCIAL DEL CUSCO _cBIBLIOTECA MUNICIPAL DEL CUSCO |
||
| 082 |
_aPI / 376.1 / _bC73 |
||
| 110 |
_aCombel _932671 |
||
| 245 | _aNúmeros pop-up ¿sumamos? / | ||
| 260 |
_aBarcelona : _bCombel, _c2012.. |
||
| 300 |
_a8 paginas ; _bIlustraciones, _c18 cm. |
||
| 500 | _aTitulo original :Numbres pops addition | ||
| 650 |
_aAprende a sumar _933739 |
||
| 650 |
_aSuma para los pequeños _933740 |
||
| 650 |
_aAprende jugando _933735 |
||
| 650 |
_aOperaciones matemáticas para los pequeños _933741 |
||
| 942 |
_2ddc _cLIBROS |
||
| 945 |
_awnts _d2019-04-24 |
||